LIBRARY ONLINE CATALOGUE

Snips without snaps of Kenya (without prejudice) / (Record no. 13492)

MARC details
000 -LEADER
fixed length control field 00589nam a22001932 4500
001 - CONTROL NUMBER
control field 0000012219
005 - DATE AND TIME OF LATEST TRANSACTION
control field 20151217155851.0
008 - FIXED-LENGTH DATA ELEMENTS--GENERAL INFORMATION
fixed length control field 090217s xx 000 0 eng d
040 ## - CATALOGING SOURCE
Original cataloging agency KABU
Transcribing agency KABU
100 1# - MAIN ENTRY--PERSONAL NAME
Personal name Delap-Hilton, Emilie.
-- 0000168477
245 10 - TITLE STATEMENT
Title Snips without snaps of Kenya (without prejudice) /
Statement of responsibility, etc. Emilie Delap-Hilton.
250 ## - EDITION STATEMENT
Edition statement 1st ed.
260 ## - PUBLICATION, DISTRIBUTION, ETC. (IMPRINT)
Place of publication, distribution, etc. London :
Name of publisher, distributor, etc. Stockwell,
Date of publication, distribution, etc. [?]
300 ## - PHYSICAL DESCRIPTION
Extent 83 p.
651 #0 - SUBJECT ADDED ENTRY--GEOGRAPHIC NAME
Geographic name Kenya
General subdivision Description and travel.
-- 0000150938
852 1# - LOCATION
-- p200 KES
908 ## - PUT COMMAND PARAMETER (RLIN)
Put command parameter 090217
950 ## - LOCAL HOLDINGS (RLIN)
-- 1
Holdings
Withdrawn status Lost status Source of classification or shelving scheme Not for loan Home library Current library Date acquired Total Checkouts Full call number Barcode Date last seen Price effective from Koha item type
    Library of Congress Classification   Kabarak, Main Campus Kabarak, Main Campus 17/12/2015   DT433.527 .D45 c. 1 16638 17/12/2015 17/12/2015 Africana Collection